Beoiberistika Revista de Estudios Ibéricos, Latinoamericanos y Comparativos

Gespeichert in:
Bibliographische Detailangaben
Format: Schriftenreihe
Sprache:Mehrsprachig
Veröffentlicht: Beograd Facultad de Filología, Universidad de Belgrado
Tags: Tag hinzufügen
Keine Tags, Fügen Sie das erste Tag hinzu!

MARC

LEADER 00000nls a2200000 4500
001 0305964
005 20260205135840.4
022 |a 2560-4163 
041 0 |a mul 
044 |a RS 
245 1 0 |a Beoiberistika  |b Revista de Estudios Ibéricos, Latinoamericanos y Comparativos 
264 1 |a Beograd  |b Facultad de Filología, Universidad de Belgrado